Guess the NBA player(Current) - Statistics

General Stats
  • This quiz has been taken 61 times
  • The average score is 11 of 13
Answer Stats
Hint Answer % Correct
Lakers-23 lebron james
100%
Celtics-0 jayson tatum
98%
Warriors-30 stephen curry
94%
Nuggets-15 nikola jokic
92%
Celtics-7 jaylen brown
91%
76ers-21 joel embiid
91%
Suns-1 devin booker
89%
Hornets-1 lamelo ball
89%
Hawks-11 trae young
89%
Timberwolves-1 anthony edwards
87%
Wizards-13 jordan poole
81%
Caviliers-45 donovan mitchell
75%
Bulls-8 zach lavine
72%
No matching quizzes found
Score Distribution
Percent of People with Each Score
Percentile by Number Answered
Your Score History
You have not taken this quiz